Responses for show #5200 - Friday, March 30, 2007

Contestants

Bill Gabbard, a member of the U.S. Army Field Band from Arnold, Maryland

Ross Brown, a writer from Washington, D.C.

Steven Price, a bartender and actor originally from Perkasie, Pennsylvania (whose 1-day cash winnings total $16,400)

Jeopardy! Round responses

THE BILL CLINTON PRESIDENTIAL LIBRARY
BROADWAY: IT'S A CRIME!
THE DEVIL'S IN THE DETAILS
LITERARY OBITS
BEER COUNTRY OF ORIGIN
COLORFUL RHYME TIME
    $200 2
JFK

Steven
    $200 1
Beauty and the Beast

Bill
    $200 21
the Bermuda Triangle

Ross
    $200 17
(Captain) Ahab

Steven
    $200 7
Canada

Ross
    $200 12
a white knight

Bill
    $400 13
Hillary Clinton

Bill
    $400 3
Chicago

Ross
    $400 22
Teddy Roosevelt

Steven
    $400 18
Beowulf

Steven
    $400 8
Mexico

Ross
    $400 27
a blue clue

Ross
    $600 14
(Ross: Who is the Pope?)
(Alex: Which one?)
(Ross: Uh, Pope Paul?)
[Originally ruled incorrect; reversed after the first break because "the Pope" was accepted as a response earlier in the week.]

Pope John Paul II

RossBill
    $600 4
Dirty Rotten Scoundrels

Steven
    $600 24
Faust

Bill
    $600 19
Count Dracula

Triple Stumper
    $600 9
Holland (the Netherlands)

Steven
    $600 28
(Alex: Hey, way to go, bartender!)

a maroon saloon

Steven
    $800 15
AmeriCorps

Ross
    $800 5
Springtime for Hitler

Steven
    $800 25
(Alex: And that would be the Gospel of [*].)

Mark

Triple Stumper
    $800 20
Jean Valjean

Bill
    $800 10
Japan

Ross
    $800 29
an ocher choker

Bill
    $1000 16
Buddy & Socks

Bill
    $1000 6
Doubt

Steven
    $1,500 26
(Bill: ...Sorry.)
(Alex: And it's an expression you hear quite often--[*].)

the Devil's Advocate

Bill
    $1000 23
(Alex: [*]--yes. One Flew Over the Cuckoo's Nest.)

(Randall) McMurphy

Steven
    $1000 11
(Alex: You know your beers!)
(Ross: Apparently.)
(Alex: Yeah--apparently, indeed.)

India

Ross
    $1000 30
a sable cable

Bill

Scores at the first commercial break (after clue 16):

Steven Ross Bill
$3,200 $4,200 $2,400

Scores at the end of the Jeopardy! Round:

Steven Ross Bill
$5,800 $4,800 $4,100

Double Jeopardy! Round responses

FACTS & FIGURES
TEAMS' RETIRED JERSEYS
RUSSIAN HISTORY
CARL SAGAN
BILLIONS & BILLIONS
OF "STAR"s
    $400 6
oil

Steven
    $400 1
the Boston Celtics

Bill
    $400 17
Lenin

Bill
    $400 26
Cornell

Ross
    $400 7
the gross domestic product

Ross
    $400 12
the starting gate

Ross
    $800 22
(Alex: Chances of rolling [*]--1 in 36.)

a 2 or a 12

Triple Stumper
    $800 2
the Green Bay Packers

Bill
    $800 18
St. Petersburg

Steven
    $800 27
Cosmos

Bill
    $800 8
Chrysler

Steven
    $800 13
(Steven: What is the Morning Star?)

the Star of Bethlehem

StevenRoss
    $2,000 23
(Alex: Yes. They have a one-child policy, so a lot of daugters are given up for adoption.)

China

Ross
    $1200 3
the (Pittsburgh) Pirates

Steven
    $1200 19
the Crimean War

Ross
    $1200 30
Contact

Steven
    $1200 9
the Aswan

Ross
    $1200 14
a starfish

Bill
    $1600 24
Mach

Bill
    $1600 4
the Detroit Red Wings

Bill
    $1600 20
(Steven: What is Czar?)

Dmitri

Steven
Triple Stumper
    $5,000 28
nuclear winter

Bill
    $1600 10
a nanosecond

Steven
    $1600 15
Stars & Stripes

Ross
    $2000 25
refugees

Bill
    $2000 5
the Chicago Blackhawks

Bill
    $2000 21
(Ross: What are the Boyars?)

Troubles

Ross
Triple Stumper
    $2000 29
(Bill: What is an atmosphere?)

water (an ocean)

RossBill
    $2000 11
the Franco-Prussian War

Bill
    $2000 16
Starbuck

Ross

Scores at the end of the Double Jeopardy! Round:

Steven Ross Bill
$9,400 $14,800 $19,900

[wagering suggestions for these scores]

Final Jeopardy! Round responses

'60s OSCAR-WINNING FILMS
(Alex: No women... maybe a war-type picture.)
...
(Alex: [Revealing Steven's response] Not a bad guess, but there were women in that, as you know.)
StevenWhat is Ben-Hur?
$6,000
RossWhat is The Longest Day?
$2,500
BillWhat is Dr. Strangelo
$9,900
Lawrence of Arabia

Final scores:

Steven Ross Bill
$3,400 $12,300 $10,000
3rd place: $1,000 New champion: $12,300 2nd place: $2,000

Game dynamics:

Coryat scores:

Steven Ross Bill
$9,400 $14,000 $18,000
16 R,
2 W
19 R
(including 1 DD),
1 W
20 R
(including 1 DD),
2 W
(including 1 DD)

Combined Coryat: $41,400

The J! Archive is created by fans, for fans. The Jeopardy! game show and all elements thereof, including but not limited to copyright and trademark thereto, are the property of Jeopardy Productions, Inc. and are protected under law. This website is not affiliated with, sponsored by, or operated by Jeopardy Productions, Inc. Join the discussion at JBoard.tv.